| 000 | 00477nam#a2200181#c#4500 | ||
|---|---|---|---|
| 003 | IEF | ||
| 005 | 20180219162212.0 | ||
| 008 | 941031s1975 uuu####fr####| 0||u| |u | ||
| 040 | _aIEF | ||
| 100 | 1 |
_aMonroe, Wilbur F. _930032 |
|
| 245 | _aInternational trade policy in transition | ||
| 260 |
_aLexington (Massachusetts) _b Lexington Books _c1975 |
||
| 300 |
_aXV, 173 p. _c 23 cm. |
||
| 650 | 4 |
_aPOLITICA COMERCIAL _948051 |
|
| 942 | _cLIB | ||
| 942 | _z8207 | ||
| 999 |
_c71149 _d71149 |
||